000 01056nam a2200337 i 4500
999 _c290
_d290
001 019770319
003 UkOxU
005 20190805113218.0
008 140611r20142013enka 001 0 eng d
015 _aGBB480777
_2bnb
020 _a9781408842812 (pbk.)
035 _a(Uk)016814532
040 _aStDuBDS
_beng
_cStDuBDS
_erda
_dUkOxU
082 0 4 _a791.45 SIN
_223
100 1 _aSingh, Simon,
_eauthor.
245 1 4 _aThe Simpsons and their mathematical secrets /
_cSimon Singh.
264 1 _aLondon :
_bBloomsbury,
_c2014.
264 4 _c© 2013
300 _ax, 255 pages :
_billustrations (black and white) ;
_c20 cm
336 _atext
_2rdacontent
336 _astill image
_2rdacontent
337 _aunmediated
_2rdamedia
338 _avolume
_2rdacarrier
500 _aOriginally published: 2013.
504 _aIncludes bibliographical references and index.
630 0 0 _aSimpsons (Television program)
650 0 _aMathematics in mass media.
650 0 _aMathematics
_xHumor.
942 _2ddc
_cNFIC